| 000 | 00527nam a22001817a 4500 | ||
|---|---|---|---|
| 003 | UA-OsUOA | ||
| 001 | 8908 | ||
| 007 | ta | ||
| 008 | 20040825b un ||||| |||| 00| 0 ukr d | ||
| 100 | _aДзюба І. | ||
| 942 | _cSA | ||
| 040 |
_aUA-OsUOA _cUA-OsUOA _dUA-OsUOA |
||
| 245 | _aБог, релігія , церква в житті і творчості Шевченка | ||
| 300 | _aС.52-68 | ||
| 955 | _a0 | ||
| 773 | 0 |
_w0 _tСучасність _dКиїв _d2004 _g№7/8 |
|
| 650 | 7 |
_aЛітературознавство _2UDC |
|
| 999 |
_c295069 _d295069 |
||